=LDR 00000nam 2200000 4500 =001 INLIS000000000000619 =005 20150402100509.0 =006 =007 =008 Ind =035 ##$$0010-061300000000619 =041 ##$$a Ind =082 ##$$a 302.201 =090 ##$$a 302.201 Muk t =100 ##$$a Mukijat =245 ##$$a Teori komunikasi / Mukijat =260 ##$$a Bandung $b Mandar Maju $c 1993 =300 ##$$a xii, 248 hlm. : ilus. ; 21 cm =650 ##$$a Komunikasi =850 ##$$a NBPNMAT